| 000 | 00799nam a2200229 a 4500 | ||
|---|---|---|---|
| 001 | 64894 | ||
| 003 | BD-RjUL | ||
| 005 | 20211209081351.0 | ||
| 008 | 170223s1986 bg |||| |||| 000 0 ben d | ||
| 020 | _c: Tk. 25.00 | ||
| 035 | _a(BD-RjUL)65024 | ||
| 040 |
_aBD-RjUL _bben _cBD-RjUL _dBD-RjUL |
||
| 041 | _aben | ||
| 082 |
_223 _a981.441 _bRAD 1986 |
||
| 100 | 1 |
_aরাহমান, শামসুর _9186143 |
|
| 245 | 1 |
_aদেশদ্রোহী হতে ইচ্ছে করে / _cরাহমান, শামসুর |
|
| 260 |
_aঢাকা : _bবিউটি বুক হাউস ; _c১৯৮৬ [১৩৯২] |
||
| 300 |
_a৬৪ পৃ. : _c১৯ সেমি. |
||
| 650 |
_aবাংলাকবিতা _9171326 |
||
| 650 |
_aBengali Poetry _9179514 |
||
| 942 |
_2ddc _cBK |
||
| 999 |
_c64894 _d64894 |
||